LEADER 01923nam2-2200469---450- 001 990003051390203316 005 20080118124251.0 010 $a3-7001-3082-1 035 $a000305139 035 $aUSA01000305139 035 $a(ALEPH)000305139USA01 035 $a000305139 100 $a20080118d2002----km-y0itay50------ba 101 $ager 102 $aAT 105 $a||||||||001yy 200 1 $a<<1.>> : Geographische Begriffe, Gotter und Heroen, mythische Gestalten, Personlichkeiten, Titel und Beinamen, Agonistik, staatsrechtliche und pragerechtliche Formeln, bemerkenswerte Worter$fbearbeitet von Wolfgang Leschhorn$gnach Vorarbeiten und unter Mitarbeit von Peter Robert Franke 210 $aWien$cOsterreichische Akademie der Wissenschaften$d2002 215 $a426 p.$d30 cm 225 $aVeroffentlichungen der numismatischen Kommission$v13 225 $aVeröffentlichungen der numismatischen Kommission$v37 225 2 $aPhilosophisch-historische Klasse$v304 410 0$12001$aVeroffentlichungen der numismatischen Kommission$v13 410 0$aVeröffentlichungen der numismatischen Kommission$v37 410 0$12001$aPhilosophisch-historische Klasse$v304 454 1$12001 461 1$1001000305137$12001 510 $aLexicon of greek coin inscriptions 606 0 $aIscrizioni greche$xRepertori 606 0 $aMonete greche$xRepertori 676 $a481.1 702 1$aLESCHHORN,$bWolfgang 702 1$aFRANKE,$bPeter Robert 801 0$aIT$bsalbc$gISBD 912 $a990003051390203316 951 $aI NG LES 1$b5886 DBC$cI NG 959 $aBK 969 $aDBC 979 $aDBC$b90$c20080118$lUSA01$h1241 979 $aDBC$b90$c20080118$lUSA01$h1242 996 $aGeographische Begriffe, Gotter und Heroen, mythische Gestalten, Personlichkeiten, Titel und Beinamen, Agonistik, staatsrechtliche und pragerechtliche Formeln, bemerkenswerte Worter$91021751 997 $aUNISA LEADER 01767oam 2200433M 450 001 9910716437303321 005 20200213070525.9 035 $a(CKB)5470000002521774 035 $a(OCoLC)1065822791 035 $a(OCoLC)995470000002521774 035 $a(EXLCZ)995470000002521774 100 $a20071213d1927 ua 0 101 0 $aeng 135 $aurcn||||||||| 181 $ctxt$2rdacontent 182 $cc$2rdamedia 183 $acr$2rdacarrier 200 10$aConsideration H.R. 15474, providing for a federal board to aid in marketing surplus agricultural commodities. February 1, 1927. -- Referred to the House Calendar and ordered to be printed 210 1$a[Washington, D.C.] :$c[U.S. Government Printing Office],$d1927. 215 $a1 online resource (1 pages) 225 1 $aHouse report / 69th Congress, 2nd session. House ;$vno. 1907 225 1 $a[United States congressional serial set] ;$v[serial no. 8690] 300 $aBatch processed record: Metadata reviewed, not verified. Some fields updated by batch processes. 300 $aFDLP item number not assigned. 606 $aAdvisory boards 606 $aMarketing 606 $aSurplus agricultural commodities 608 $aLegislative materials.$2lcgft 615 0$aAdvisory boards. 615 0$aMarketing. 615 0$aSurplus agricultural commodities. 701 $aSnell$b Bertrand Hollis$f1870-1958$pRepublican (NY)$01388514 801 0$bWYU 801 1$bWYU 801 2$bOCLCO 906 $aBOOK 912 $a9910716437303321 996 $aConsideration H.R. 15474, providing for a federal board to aid in marketing surplus agricultural commodities. February 1, 1927. -- Referred to the House Calendar and ordered to be printed$93521272 997 $aUNINA